[Event "Capablanca Memorial op 43rd"]
[Site "Havana"]
[Date "2008.05.16"]
[Round "9"]
[White "Stamenkovic, Dragan"]
[Black "Hernandez Onna, Roman"]
[Result "1/2-1/2"]
[WhiteElo "2440"]
[BlackElo "2349"]
[PlyCount "36"]
[EventDate "2008.05.08"]
[EventType "swiss"]
[EventRounds "10"]
[EventCountry "CUB"]
[SourceTitle "CBM 124 Extra"]
[Source "ChessBase"]
[SourceDate "2008.07.03"]
[SourceVersion "1"]
[SourceVersionDate "2008.07.03"]
[SourceQuality "1"]

1. d4 Nf6 2. Bg5 e6 3. e4 h6 4. Bxf6 Qxf6 5. Nc3 d6 6. Qd2 c6 7. 0-0-0 e5 8. Nf3 Bg4 9. Be2 Bxf3 10. Bxf3 Qg5 11. Qxg5 hxg5 12. dxe5 dxe5 13. Bg4 Na6 14. Bd7+ Ke7 15. Na4 Rd8 16. Bg4 Rh6 17. Rxd8 Kxd8 18. Rd1+ Rd6 1/2-1/2

[Event "Capablanca Memorial op 43rd"]
[Site "Havana"]
[Date "2008.05.13"]
[Round "6"]
[White "Hernandez Onna, Roman"]
[Black "Martinez Duany, Lelys Stanley"]
[Result "1-0"]
[WhiteElo "2349"]
[BlackElo "2499"]
[PlyCount "99"]
[EventDate "2008.05.08"]
[EventType "swiss"]
[EventRounds "10"]
[EventCountry "CUB"]
[SourceTitle "CBM 124 Extra"]
[Source "ChessBase"]
[SourceDate "2008.07.03"]
[SourceVersion "1"]
[SourceVersionDate "2008.07.03"]
[SourceQuality "1"]

1. c4 c6 2. e4 g6 3. d4 Bg7 4. Nc3 d6 5. Be2 Qb6 6. Nf3 Bg4 7. Na4 Qc7 8. 0-0 Nd7 9. Be3 Nb6 10. Rc1 Nf6 11. h3 Bxf3 12. Bxf3 0-0 13. b4 Nfd7 14. Be2 Nxa4 15. Qxa4 a5 16. b5 c5 17. d5 Rfe8 18. Qc2 h5 19. Qd2 e6 20. Rfd1 exd5 21. Qxd5 Re6 22. Bf3 Ne5 23. Be2 Rae8 24. Bf4 Qe7 25. Bf1 Kh7 26. Bh2 Qc7 27. f4 Nd7 28. e5 Nb6 29. exd6 Nxd5 30. dxc7 Nxc7 31. f5 R6e7 32. Bd6 Bd4+ 33. Kh1 gxf5 34. Bxe7 Rxe7 35. Bd3 Re4 36. Rf1 Re3 37. Bxf5+ Kg7 38. Rce1 Rxe1 39. Rxe1 Kf6 40. Bd7 Na8 41. Be8 Nb6 42. Rf1+ Kg5 43. Bxf7 Na4 44. g3 Nc3 45. a3 Ne4 46. Kg2 Bb2 47. h4+ Kh6 48. Bd5 Nd6 49. a4 Kg7 50. Re1 1-0

[Event "CUB-ch"]
[Site "Santa Clara"]
[Date "2008.01.09"]
[Round "2"]
[White "Alvarez Perez, Jose"]
[Black "Hernandez Onna, Roman"]
[Result "1/2-1/2"]
[WhiteElo "2384"]
[BlackElo "2342"]
[PlyCount "20"]
[EventDate "2008.01.08"]
[EventType "swiss"]
[EventRounds "9"]
[EventCountry "CUB"]
[SourceTitle "EXT 2009"]
[Source "ChessBase"]
[SourceDate "2008.11.26"]
[SourceVersion "1"]
[SourceVersionDate "2008.11.26"]
[SourceQuality "1"]

1. e4 e5 2. Nf3 Nc6 3. Bc4 Bc5 4. 0-0 Nf6 5. d3 d6 6. c3 Bb6 7. Bb3 0-0 8. Nbd2 Be6 9. Bc2 h6 10. h3 Ne7 1/2-1/2

[Event "Manresa op"]
[Site "Manresa"]
[Date "2007.??.??"]
[Round "3"]
[White "Gonzalez Vidal, Yuri"]
[Black "Hernandez Onna, Roman"]
[Result "1-0"]
[WhiteElo "2475"]
[BlackElo "2366"]
[PlyCount "55"]
[EventDate "2007.08.14"]
[EventType "swiss"]
[EventRounds "9"]
[EventCountry "ESP"]
[SourceTitle "CBM 120 Extra"]
[Source "ChessBase"]
[SourceDate "2007.11.01"]
[SourceVersion "1"]
[SourceVersionDate "2007.11.01"]
[SourceQuality "1"]

1. e4 e5 2. Nf3 Nc6 3. Bb5 a6 4. Ba4 Nf6 5. 0-0 Be7 6. Re1 b5 7. Bb3 d6 8. c3 0-0 9. h3 Na5 10. Bc2 c5 11. d4 Qc7 12. Nbd2 cxd4 13. cxd4 Nc6 14. Nb3 a5 15. Be3 a4 16. Nbd2 Bd7 17. Rc1 Qb7 18. Nf1 Rfe8 19. Ng3 Bd8 20. Qe2 h6 21. Red1 Rc8 22. Bd3 Rb8 23. Bb1 Na5 24. Nh4 Nc4 25. Nhf5 Be7 26. dxe5 Nxe3 27. Nxe7+ Rxe7 28. exf6 1-0

[Event "CUB-ch sf"]
[Site "Santa Clara"]
[Date "2006.02.12"]
[Round "8"]
[White "Hernandez Onna, Roman"]
[Black "Obregon Rivero, Juan Carlos"]
[Result "1/2-1/2"]
[WhiteElo "2371"]
[BlackElo "2236"]
[PlyCount "44"]
[EventDate "2006.02.05"]
[EventType "swiss"]
[EventRounds "9"]
[EventCountry "CUB"]
[SourceTitle "EXT 2007"]
[Source "ChessBase"]
[SourceDate "2006.11.23"]
[SourceVersion "1"]
[SourceVersionDate "2006.11.23"]
[SourceQuality "1"]

1. c4 c6 2. Nf3 Nf6 3. d4 d5 4. e3 e6 5. Nbd2 Nbd7 6. Bd3 Bd6 7. 0-0 0-0 8. e4 e5 9. cxd5 cxd5 10. exd5 exd4 11. Ne4 Nxe4 12. Bxe4 Nf6 13. Bg5 Be7 14. Bxf6 Bxf6 15. Nxd4 Qb6 16. Nb3 Bd7 17. Rb1 g6 18. Qf3 Bg7 19. Rfd1 h5 20. h3 Rae8 21. Nd2 Qa6 22. a3 Bb5 1/2-1/2

[Event "CUB-ch sf"]
[Site "Santa Clara"]
[Date "2006.02.05"]
[Round "1"]
[White "Quesada Perez, Yuniesky"]
[Black "Hernandez Onna, Roman"]
[Result "1-0"]
[WhiteElo "2501"]
[BlackElo "2371"]
[PlyCount "29"]
[EventDate "2006.02.05"]
[EventType "swiss"]
[EventRounds "9"]
[EventCountry "CUB"]
[SourceTitle "EXT 2007"]
[Source "ChessBase"]
[SourceDate "2006.11.23"]
[SourceVersion "1"]
[SourceVersionDate "2006.11.23"]
[SourceQuality "1"]

1. e4 e5 2. Nf3 Nc6 3. Bb5 a6 4. Ba4 Nf6 5. 0-0 Be7 6. Re1 b5 7. Bb3 d6 8. c3 0-0 9. h3 Na5 10. Bc2 c5 11. d4 Nc6 12. d5 Na5 13. Nbd2 g6 14. b3 Nh5 15. Nf1 1-0

[Event "Balaguer op 10th"]
[Site "Balaguer"]
[Date "2005.07.24"]
[Round "7"]
[White "Mirzoev, Azer"]
[Black "Hernandez Onna, Roman"]
[Result "1-0"]
[WhiteElo "2550"]
[BlackElo "2373"]
[PlyCount "68"]
[EventDate "2005.07.18"]
[EventType "swiss"]
[EventRounds "9"]
[EventCountry "ESP"]
[SourceTitle "CBM 107 Extra"]
[Source "ChessBase"]
[SourceDate "2005.09.01"]
[SourceVersion "1"]
[SourceVersionDate "2005.09.01"]
[SourceQuality "1"]

1. d4 d5 2. c4 e6 3. Nc3 Be7 4. Nf3 Nf6 5. Bf4 0-0 6. e3 c5 7. dxc5 Bxc5 8. a3 Nc6 9. cxd5 Nxd5 10. Nxd5 exd5 11. Rc1 Bb6 12. Bd3 d4 13. e4 Bg4 14. h3 Qf6 15. hxg4 Qxf4 16. g5 Rfc8 17. Rh4 Qd6 18. Ke2 Ne5 19. Nxe5 Qxe5 20. f4 Qe6 21. Rxc8+ Rxc8 22. Kf2 g6 23. g3 Qa2 24. Qe2 Qa1 25. e5 Qc1 26. Kf3 a5 27. Rh2 a4 28. Kg4 Qe3 29. Qf3 Rc1 30. Be2 Qxf3+ 31. Kxf3 Bc5 32. Bb5 Rf1+ 33. Kg2 Rb1 34. Bxa4 d3 1-0

[Event "Capablanca Memorial Premier II 40th"]
[Site "Havana"]
[Date "2005.05.14"]
[Round "8"]
[White "Hernandez Onna, Roman"]
[Black "Fernandez Garcia, Jose Luis"]
[Result "1/2-1/2"]
[WhiteElo "2367"]
[BlackElo "2468"]
[PlyCount "44"]
[EventDate "2005.05.06"]
[EventType "tourn"]
[EventRounds "13"]
[EventCountry "CUB"]
[EventCategory "8"]
[SourceTitle "CBM 106 Extra"]
[Source "ChessBase"]
[SourceDate "2005.07.01"]
[SourceVersion "1"]
[SourceVersionDate "2005.07.01"]
[SourceQuality "1"]

1. Nf3 g6 2. e4 d5 3. exd5 Qxd5 4. Nc3 Qd6 5. Bc4 Nf6 6. Nb5 Qd8 7. Ne5 e6 8. d4 a6 9. Nc3 Bg7 10. Bg5 h6 11. Be3 Nbd7 12. Qe2 Nb6 13. Bd3 Nbd5 14. Nxd5 Nxd5 15. Bd2 Qf6 16. Be4 0-0 17. c4 Ne7 18. 0-0 c5 19. Bc3 cxd4 20. Bxd4 Nf5 21. Bc3 Qe7 22. Rad1 Qc7 1/2-1/2

[Event "Capablanca Memorial Premier II 40th"]
[Site "Havana"]
[Date "2005.05.12"]
[Round "7"]
[White "Estremera Panos, Sergio"]
[Black "Hernandez Onna, Roman"]
[Result "1/2-1/2"]
[WhiteElo "2385"]
[BlackElo "2367"]
[PlyCount "30"]
[EventDate "2005.05.06"]
[EventType "tourn"]
[EventRounds "13"]
[EventCountry "CUB"]
[EventCategory "8"]
[SourceTitle "CBM 106 Extra"]
[Source "ChessBase"]
[SourceDate "2005.07.01"]
[SourceVersion "1"]
[SourceVersionDate "2005.07.01"]
[SourceQuality "1"]

1. Nf3 Nf6 2. c4 e6 3. Nc3 d5 4. d4 Be7 5. Bg5 Nbd7 6. e3 0-0 7. Rc1 c6 8. Bd3 dxc4 9. Bxc4 Nd5 10. Bxe7 Qxe7 11. 0-0 Nxc3 12. Rxc3 e5 13. Qc2 exd4 14. exd4 Nb6 15. Bb3 Be6 1/2-1/2

[Event "Capablanca Memorial Premier II 40th"]
[Site "Havana"]
[Date "2005.05.09"]
[Round "4"]
[White "Hernandez Onna, Roman"]
[Black "Giaccio, Alfredo Gustavo"]
[Result "1/2-1/2"]
[WhiteElo "2367"]
[BlackElo "2478"]
[PlyCount "60"]
[EventDate "2005.05.06"]
[EventType "tourn"]
[EventRounds "13"]
[EventCountry "CUB"]
[EventCategory "8"]
[SourceTitle "CBM 106 Extra"]
[Source "ChessBase"]
[SourceDate "2005.07.01"]
[SourceVersion "1"]
[SourceVersionDate "2005.07.01"]
[SourceQuality "1"]

1. d4 d5 2. c4 e6 3. Nf3 Nf6 4. Nc3 c6 5. cxd5 cxd5 6. Bg5 Be7 7. e3 Nc6 8. Bd3 0-0 9. 0-0 Ne8 10. Bxe7 Qxe7 11. Rc1 Bd7 12. Qe2 Rc8 13. Bb1 Nd6 14. Qd3 f5 15. Qe2 a6 16. Ne1 Ne4 17. Nd3 Nb4 18. f3 Nxd3 19. Bxd3 Nxc3 20. bxc3 b5 21. e4 fxe4 22. fxe4 Rxf1+ 23. Rxf1 dxe4 24. Qxe4 g6 25. Qe1 Rf8 26. Rxf8+ Qxf8 27. Bc2 Qf4 28. Bb3 Kf7 29. Qf2 Qxf2+ 30. Kxf2 Bc6 1/2-1/2

[Event "CUB-ch GpB"]
[Site "Santa Clara"]
[Date "2005.04.15"]
[Round "8"]
[White "Hernandez Onna, Roman"]
[Black "Perez Garcia, Rodney Oscar"]
[Result "1/2-1/2"]
[WhiteElo "2367"]
[BlackElo "2437"]
[PlyCount "26"]
[EventDate "2005.04.07"]
[EventType "tourn"]
[EventRounds "9"]
[EventCountry "CUB"]
[EventCategory "8"]
[SourceTitle "CBM 105 Extra"]
[Source "ChessBase"]
[SourceDate "2005.05.01"]
[SourceVersion "1"]
[SourceVersionDate "2005.05.01"]
[SourceQuality "1"]

1. d4 d5 2. c4 c6 3. cxd5 cxd5 4. Nc3 Nf6 5. Nf3 Nc6 6. Bf4 Bg4 7. e3 a6 8. Be2 e6 9. 0-0 Bd6 10. Bxd6 Qxd6 11. Ne1 Bxe2 12. Qxe2 0-0 13. Nd3 Rac8 1/2-1/2

[Event "Guillermo Garcia Memorial-A 12th"]
[Site "Santa Clara"]
[Date "2004.05.30"]
[Round "10"]
[White "Hernandez Onna, Roman"]
[Black "Arencibia Rodriguez, Walter"]
[Result "1/2-1/2"]
[WhiteElo "2420"]
[BlackElo "2505"]
[PlyCount "24"]
[EventDate "2004.05.21"]
[EventType "tourn"]
[EventRounds "13"]
[EventCountry "CUB"]
[EventCategory "8"]
[SourceTitle "CBM 100 Extra"]
[Source "ChessBase"]
[SourceDate "2004.07.06"]
[SourceVersion "2"]
[SourceVersionDate "2004.07.06"]
[SourceQuality "1"]

1. d4 d5 2. c4 e5 3. e3 exd4 4. exd4 Nf6 5. Nc3 Bb4 6. Nf3 0-0 7. Be2 Nbd7 8. 0-0 dxc4 9. Bxc4 Nb6 10. Bb3 c6 11. h3 Nbd5 12. Bd2 Bf5 1/2-1/2

[Event "Guillermo Garcia Memorial-A 12th"]
[Site "Santa Clara"]
[Date "2004.05.24"]
[Round "4"]
[White "Otero Acosta, Diasmany"]
[Black "Hernandez Onna, Roman"]
[Result "1/2-1/2"]
[WhiteElo "2399"]
[BlackElo "2420"]
[PlyCount "80"]
[EventDate "2004.05.21"]
[EventType "tourn"]
[EventRounds "13"]
[EventCountry "CUB"]
[EventCategory "8"]
[SourceTitle "CBM 100 Extra"]
[Source "ChessBase"]
[SourceDate "2004.07.06"]
[SourceVersion "2"]
[SourceVersionDate "2004.07.06"]
[SourceQuality "1"]

1. d4 Nf6 2. c4 e6 3. Nc3 Bb4 4. a3 Bxc3+ 5. bxc3 c5 6. f3 Qa5 7. Bd2 d6 8. e4 Bd7 9. a4 Nc6 10. Ne2 e5 11. d5 Ne7 12. Ng3 h6 13. Qc2 0-0-0 14. Bd3 Rdg8 15. 0-0 g5 16. Rfb1 Kb8 17. Qb2 Bc8 18. Ra3 h5 19. Rb3 Qc7 20. Qc1 h4 21. Nf5 Nxf5 22. exf5 Nh5 23. Bxg5 f6 24. Be3 Rh7 25. R1b2 Ka8 26. Be4 Qf7 27. a5 Qc7 28. Rb5 Rhg7 29. Kf1 Rh7 30. Qb1 a6 31. Rb6 Ng7 32. Rxd6 Qxd6 33. Rb6 Qd7 34. Bxc5 Nxf5 35. d6 Qa4 36. Rxa6+ Kb8 37. Ba7+ Ka8 38. Bb6+ Kb8 39. Ba7+ Ka8 40. Bf2+ Kb8 1/2-1/2

[Event "Guillermo Garcia Memorial-A 12th"]
[Site "Santa Clara"]
[Date "2004.05.21"]
[Round "1"]
[White "Hernandez Onna, Roman"]
[Black "Leon Hoyos, Manuel"]
[Result "0-1"]
[WhiteElo "2420"]
[BlackElo "2286"]
[PlyCount "128"]
[EventDate "2004.05.21"]
[EventType "tourn"]
[EventRounds "13"]
[EventCountry "CUB"]
[EventCategory "8"]
[SourceTitle "CBM 100 Extra"]
[Source "ChessBase"]
[SourceDate "2004.07.06"]
[SourceVersion "2"]
[SourceVersionDate "2004.07.06"]
[SourceQuality "1"]

1. Nf3 g6 2. d4 Bg7 3. c4 c5 4. Nc3 cxd4 5. Nxd4 Nc6 6. e3 Nf6 7. Nc2 d6 8. Be2 Be6 9. e4 Nd7 10. Bd2 0-0 11. 0-0 a5 12. Be3 Nce5 13. Na3 Rc8 14. Nd5 Nc5 15. f3 f5 16. exf5 Bxf5 17. Qd2 Na4 18. b3 Nc5 19. Nb5 Bd7 20. Bg5 Nc6 21. Rae1 Rf5 22. Bd1 Ne6 23. Be3 Be8 24. Bc2 Rf8 25. Bf2 Bf7 26. Re2 Nc5 27. Rfe1 Ne5 28. Bh4 Bxd5 29. Qxd5+ Kh8 30. Bf2 Qd7 31. Be4 a4 32. Qd1 axb3 33. axb3 Ne6 34. Be3 Nf4 35. Ra2 Qe6 36. Bxb7 Rb8 37. Be4 Qf6 38. Nc7 Bh6 39. Nd5 Nxd5 40. Bxd5 Bxe3+ 41. Rxe3 Qg5 42. Re1 Qh4 43. g3 Qf6 44. f4 Nd7 45. Re6 Qc3 46. Rxe7 Nf6 47. Rae2 Qxb3 48. Qxb3 Rxb3 49. Be6 Rb1+ 50. Kg2 Rc1 51. g4 Rc3 52. Bf7 Nxg4 53. Rc7 Ne3+ 54. Kf2 Nf5 55. Bd5 Rh3 56. Kg2 Rh4 57. Re4 Rg4+ 58. Kf3 h5 59. Be6 Nh4+ 60. Ke3 Ng2+ 61. Kf3 Rgxf4+ 62. Rxf4 Nxf4 63. Bf7 Ne6 64. Re7 Rxf7+ 0-1

[Event "Capablanca Memorial Premier II 39th"]
[Site "Havana"]
[Date "2004.05.15"]
[Round "9"]
[White "Nogueiras Santiago, Jesus"]
[Black "Hernandez Onna, Roman"]
[Result "1-0"]
[WhiteElo "2482"]
[BlackElo "2420"]
[PlyCount "117"]
[EventDate "2004.05.06"]
[EventType "tourn"]
[EventRounds "13"]
[EventCountry "CUB"]
[EventCategory "8"]
[SourceTitle "CBM 100 Extra"]
[Source "ChessBase"]
[SourceDate "2004.07.06"]
[SourceVersion "2"]
[SourceVersionDate "2004.07.06"]
[SourceQuality "1"]

1. Nf3 Nf6 2. c4 e6 3. Nc3 d5 4. d4 Nbd7 5. Bg5 Be7 6. e3 c6 7. Bd3 0-0 8. 0-0 dxc4 9. Bxc4 Nd5 10. Bxe7 Qxe7 11. Ne4 N5f6 12. Ng3 b6 13. Rc1 c5 14. e4 cxd4 15. e5 Ne8 16. Qxd4 Bb7 17. Rfd1 Nc5 18. b4 Na6 19. a3 Nac7 20. Qg4 Rd8 21. Ng5 Nd5 22. Bd3 h6 23. Nh7 f5 24. exf6 Nexf6 25. Nxf6+ Nxf6 26. Qg6 Qf7 27. Qxf7+ Kxf7 28. Rc7+ Rd7 29. Rxd7+ Nxd7 30. Be4 Bc8 31. Rc1 Ke7 32. Rc7 a6 33. f3 Kd6 34. Rc6+ Ke7 35. Kf2 Bb7 36. Rc7 Bxe4 37. Nxe4 Ra8 38. a4 a5 39. b5 Rf8 40. Nd2 Rf5 41. Nc4 Rc5 42. Rxc5 Nxc5 43. Nxb6 Kd6 44. Nc4+ Kd5 45. Nxa5 Nxa4 46. Ke3 Kc5 47. Nb3+ Kc4 48. Nd4 Nc5 49. b6 Kd5 50. Nb3 Nb7 51. Kf4 g6 52. Nd2 e5+ 53. Kg4 Kc6 54. h4 Nd6 55. h5 g5 56. Ne4 Nc4 57. Kf5 Ne3+ 58. Kg6 Nxg2 59. Kxh6 1-0

[Event "Capablanca Memorial Premier II 39th"]
[Site "Havana"]
[Date "2004.05.10"]
[Round "5"]
[White "Zambrana, Oswaldo"]
[Black "Hernandez Onna, Roman"]
[Result "1-0"]
[WhiteElo "2472"]
[BlackElo "2420"]
[PlyCount "49"]
[EventDate "2004.05.06"]
[EventType "tourn"]
[EventRounds "13"]
[EventCountry "CUB"]
[EventCategory "8"]
[SourceTitle "CBM 100 Extra"]
[Source "ChessBase"]
[SourceDate "2004.07.06"]
[SourceVersion "2"]
[SourceVersionDate "2004.07.06"]
[SourceQuality "1"]

1. e4 c5 2. Nf3 Nc6 3. d4 cxd4 4. Nxd4 g6 5. Nc3 Bg7 6. Be3 Nf6 7. Bc4 0-0 8. Bb3 d6 9. f3 Bd7 10. Qd2 Rc8 11. 0-0-0 Ne5 12. h4 h5 13. Kb1 b5 14. Ndxb5 Qa5 15. Nxa7 Nc4 16. Qe1 Rc7 17. Ncb5 Bxb5 18. Qxa5 Nxa5 19. Nxb5 Rb7 20. Nc3 Rc8 21. Nd5 Nxd5 22. Rxd5 Nc4 23. Bc1 Kf8 24. Bxc4 Rxc4 25. b3 1-0

[Event "CUB-ch op"]
[Site "Havana"]
[Date "2004.04.23"]
[Round "4"]
[White "Almeida Quintana, Omar"]
[Black "Hernandez Onna, Roman"]
[Result "1-0"]
[WhiteElo "2426"]
[BlackElo "2420"]
[PlyCount "75"]
[EventDate "2004.04.20"]
[EventType "swiss"]
[EventRounds "9"]
[EventCountry "CUB"]
[SourceTitle "CBM 100 Extra"]
[Source "ChessBase"]
[SourceDate "2004.07.06"]
[SourceVersion "2"]
[SourceVersionDate "2004.07.06"]
[SourceQuality "1"]

1. d4 Nf6 2. Nf3 e6 3. c4 Bb4+ 4. Bd2 Qe7 5. g3 Nc6 6. Bg2 Bxd2+ 7. Nbxd2 d6 8. 0-0 0-0 9. e4 e5 10. d5 Nb8 11. Ne1 Na6 12. Nd3 c6 13. dxc6 bxc6 14. b4 Nc7 15. Re1 a5 16. a3 axb4 17. axb4 Rxa1 18. Qxa1 Ne6 19. Nb3 Ng5 20. c5 Nh3+ 21. Bxh3 Bxh3 22. cxd6 Qxd6 23. Nbc5 Re8 24. f3 h5 25. Rd1 Bc8 26. Nb2 Qe7 27. Nc4 h4 28. Kg2 Kh7 29. Rd6 Nh5 30. Qc1 f5 31. Rxc6 fxe4 32. Nxe4 Rf8 33. Qg5 h3+ 34. Kf2 Qa7+ 35. Ke2 Qf7 36. Nxe5 Qa2+ 37. Qd2 Qa4 38. Ng5+ 1-0

[Event "Carlos Torre Wimbledon 16th"]
[Site "Merida"]
[Date "2003.12.17"]
[Round "1.2"]
[White "Nisipeanu, Liviu Dieter"]
[Black "Hernandez Onna, Roman"]
[Result "0-1"]
[WhiteElo "2675"]
[BlackElo "2414"]
[PlyCount "104"]
[EventDate "2003.12.17"]
[EventType "k.o."]
[EventRounds "4"]
[EventCountry "MEX"]
[SourceTitle "CBM 099"]
[Source "ChessBase"]
[SourceDate "2004.03.30"]
[SourceVersion "1"]
[SourceVersionDate "2004.03.30"]
[SourceQuality "1"]

1. e4 c5 2. c3 d6 3. d4 Nf6 4. Bd3 Nc6 5. Ne2 g6 6. 0-0 Bg7 7. a3 0-0 8. h3 e5 9. d5 Ne7 10. Nd2 Ne8 11. b4 f5 12. bxc5 dxc5 13. f3 Kh8 14. a4 Ng8 15. Nc4 Nd6 16. Be3 Nxc4 17. Bxc4 Qd6 18. exf5 gxf5 19. f4 e4 20. Qb3 Rf7 21. Qa3 Bf8 22. Nc1 Bd7 23. Nb3 Rc8 24. Na5 Be8 25. Bb3 Rg7 26. Nc4 Qxd5 27. Rad1 Qf7 28. Qb2 Qh5 29. Kh1 Rc6 30. Ne5 Rh6 31. Qf2 Be7 32. Rd2 b6 33. Bd1 Qh4 34. Qxh4 Rxh4 35. Bb3 Rh6 36. Kh2 Rd6 37. Rxd6 Bxd6 38. Rd1 Bc7 39. a5 Re7 40. axb6 axb6 41. Ra1 Kg7 42. Bxc5 bxc5 43. Ra8 Nf6 44. Rc8 Nh5 45. g3 Nf6 46. Bg8 Nxg8 47. Ra8 Nf6 48. Rc8 Nh5 49. Kg2 Nf6 50. g4 Bb5 51. Ra8 fxg4 52. Ra1 h5 0-1